000 00402cam a22001217a 4500
008 180718b xxu||||| |||| 00| 0 eng d
082 _aQ1x7471 N42
100 _aPodell, Lawrence
245 _aThe Attitudes towards social services of mothers on welfare
_cby Lawrence Podell
260 _aLondon
_bThe Human Resource Administration
_c
300 _a38p
700 _aUnited Nation. Department of Social Science
999 _c495105
_d495105